| 000 | 00678nam a2200205Ii 4500 | ||
|---|---|---|---|
| 003 | JO-AjNU | ||
| 008 | 230605s9999||||xx |||||||||||||| ||und|| | ||
| 040 |
_aJO-AjNU _bara _erda _cJO-AjNU |
||
| 041 | _aara | ||
| 050 | 1 | 4 | _aJC325.1997 |
| 100 | 3 |
_a قدورة، زهير أحمد , _eauthor _946894 |
|
| 245 | 0 | 0 | _aالوجيز في النظم السياسية والنظام الدستوري الأردني |
| 250 | _a(د،ط) | ||
| 264 | 3 | 1 | _aعمان :( د ، ن )،1997 |
| 300 | _a238ص | ||
| 336 |
_atext _btxt _2rdacontent |
||
| 337 |
_aunmediated _bn _2rdamedia |
||
| 338 |
_avolume _bnc _2rdacarrier |
||
| 650 | 4 |
_aالدولة -- النظم السياسية _946895 |
|
| 999 |
_aA20433 _c24001 _d24001 |
||